Hodnotenie podnikateľskej činnosti bánk

NBS prostredníctvom oddelenia bankovej štatistiky spracováva štatistické údaje z oblasti bankových produktov za jednotlivé bankové subjekty, v regionálnom členení a za bankový sektor ako celok. Na základe dostupných údajov boli zhodnotené bankové operácie s vkladmi a úvermi v SR za r. 1995. V oblast...

Descrizione completa

Salvato in:
Dettagli Bibliografici
Autore principale: Vágnerová, Soňa
Natura: Capitolo di libro
Lingua:slovacco
inglese
Soggetti:
Tags: Aggiungi Tag
Nessun Tag, puoi essere il primo ad aggiungerne!!

MARC

LEADER 00000naa a2200000 4500
001 r025608
005 20221129123145.4
041 0 |a slo 
041 0 |a eng 
044 |a SK 
245 1 0 |a Hodnotenie podnikateľskej činnosti bánk  |c Soňa Vágnerová 
520 |a NBS prostredníctvom oddelenia bankovej štatistiky spracováva štatistické údaje z oblasti bankových produktov za jednotlivé bankové subjekty, v regionálnom členení a za bankový sektor ako celok. Na základe dostupných údajov boli zhodnotené bankové operácie s vkladmi a úvermi v SR za r. 1995. V oblasti bankových produktov a služieb by sa mala informačná základňa doplniť o nové druhy produktov pôsobiacich na slovenskom bankovom trhu. 
610 2 0 |a banky 
610 2 0 |a podnikanie 
610 2 0 |a Slovensko 
610 2 0 |a služby bankové 
610 2 0 |a údaje štatistické 
610 2 0 |a regióny 
610 2 0 |a vklady 
610 2 0 |a úver bankový 
610 2 0 |a pobočky bankové 
610 2 0 |a konkurencia 
610 2 0 |a produkty 
100 1 |a Vágnerová, Soňa